000 00333 a2200157 4500
001 62243
020 _a9788501089694
040 _cAnchieta - Pituba
100 _aZiegesar, Cecily von
240 1 0 _aGossip girl, v. 13
_lpor
245 1 0 _aGossip girl, v. 13
300 _a286
362 0 _a2011
650 4 _aRomance
942 _cBK
999 _c62243
_d62243